1855 1062 1206 1983 1022 1064 1709 1745 1954 1401 1156 1168 1875 1131 1298 1785 1366 1569 1643 1650 1514 1713 1304 1576 1766 1500 1455 1961 1107 1590 1145 1559 1222 1084 1679 1530 1448 1416 1700 1011 1970 1388 1179 1754 1441 1694 1720 1096 1381 1808 1915 1252 1580 1116 1662 1746 1639 1055 1482 1105 1154 1509 1051 1817 1787 1492 1962 1064 1413 1821 1308 1705 1700 1765 1571 1105 1668 1599 1219 1151 1038 1708 1387 1540 1953 1875 1928 1208 1340 1809 1843 1636 1528 1230 1649 1753 1025 1687 1232 BCNSPRNW ULIB Ver.6.0+V

เปลี่ยนเป็นภาษาไทย

Change to English
 แสดงรายละเอียดบรรณานุกรม
  กลับหน้าหลัก

Brief Record : Get Marc (ISO 2709) : E-mail record : QR code < ปิดหน้าต่าง
LEADER : 00000nam 2200000uu 4500
001    13399111299
003     ULIB
008    110622s2551||||th 000 0 tha d
020    9789740621355
050 04 BF724^bภ661ค 2551
100 0  ภูฟ้า
245 10 คู่มือวัยใส ไขเรื่องลับสำหรับวัยทีน (ส์) /^cภูฟ้า
260    กรุงเทพฯ :^bฟีลกูด,^c2551
300    224 หน้า
650  2 Adolescent psychology
945    ^p165^l0^i024974
945    ^p165^l0^i024975
995    ทศพร
999 ^a ใช้งานได้ทุกระบบ
รายการนี้ยังไม่มีแท็ก
คุณยังไม่ได้ล็อกอิน คุณสามารถมีกิจกรรมร่วมกับเว็บไซต์ได้ แต่ต้องล็อกอินก่อน ::
  ล็อกอิน

รายการสื่อสารสนเทศ

ลำดับที่ ประเภท เลขเรียก/บาร์โค้ด สถานที่ สถานะ
- ไม่พบข้อมูล -

รายการใกล้เคียง
    ผู้แต่ง [ภูฟ้า]

    หัวเรื่อง [Adolescent psychology]

BibComment


ยังไม่เคยถูกคอมเมนท์

คอมเมนท์ทรัพยากรรายการนี้
  คอมเมนท์: คู่มือวัยใส ไขเรื..


 Copyright 2026. Bcnsprnw @Library